000
00331nam a2200133Ia 4500
008
230524s9999 xx 000 0 und d
100
_a
George E.Dieter
245
0
_a
"Mechanical Metallurgy, (SI Metric Edition)"
250
_a
1
260
_a
New Delhi
_b
MGH
500
_a
Quantity Number: 2
650
_a
Mechanics
942
_c
BK
999
_c
52352
_d
52352